Регионална библиотека "Любен Каравелов" - Русе

Komma, Punkt und alle anderen Satzzeichen (Запис номер 49378)

MARC детайли
000 -Лидер
Контролно поле с фиксирана дължина 00899nam a2200277 c 4500
003 - Код на организацията, давaща контролен номер
Контролно поле BLK
005 - Дата и час на последна редакция
Контролно поле 20180413122544.0
008 - Елементи от данни с фиксирана дължина
fixed length control field 180408b bul|||||r ||||||| ||bul||
010 ## - Наследен системен номер
LC control number KNG00053228000
020 ## - Международен стандартен номер на книга ISBN
Международен стандартен номер на книга ISBN 3-411-01957-3
-- издат.: Dudenverlag
040 ## - Източник на каталожния запис
Идентификатор на билиотеката - собственик на записа BLK
041 ## - Код за език
Код за езика на текст/звукозапис или на отделно заглавие Немски
Код за езика КДБФ Немски
080 ## - УДК
Текстов определител УДК Немски език (високонемски, стандартен писмен)
УДК код - определител по УДК 811.112.2
УДК определител -19(03)
УДК - код + определител 811.112.2-19(03)
139 ## - Редно поле
Редна дума BERGER, Dieter
Авторски знак
245 10 - Сведения за заглавието
Заглавие Komma, Punkt und alle anderen Satzzeichen
Подзаглавни данни Mit umfangreicher Beispielsammlung
250 ## - Област на изданието
Сведения за изданието 2. neu bearb. und erw. Aufl
260 ## - Област на издателските данни
-- Mannheim et al.
Име на издателя, разпространителя и проч. Dudenverlag
Година на издаване 1982
300 ## - Физическа характеристика
Страници 176 c
Размери/Мащаб 19 cm
380 ## - Жанр
Жанр Езикознание. Филология
490 1# - СЕРИИ (Колекции)
Име на серия Duden-Taschenbucher
852 ## - Местоположение
Форматна сигнатура Цб 187021
856 4# - Електронен адрес и достъп
Електронен формат pdf - файл
Път до файла /url/
856 4# - Електронен адрес и достъп
Електронен формат pdf - файл
Път до файла /url/
942 ## - АРТИКУЛИ
Вид на библиотечния материал Книги
Скрит в OPAC Не
944 ## - СЪЗДАВАНЕ И РЕДАКЦИЯ на ЗАПИСА
Създаване/Редакция Създаване
Дата на регистрацията/редакция 01.01.1999
Служител, извършил регистрацията/редакцията AB_DOS
944 ## - СЪЗДАВАНЕ И РЕДАКЦИЯ на ЗАПИСА
Създаване/Редакция Редакция
Дата на регистрацията/редакция 08.02.2017
Служител, извършил регистрацията/редакцията Лили_Борисова
999 ## - СИСТЕМНИ КОНТРОЛНИ НОМЕРА
Koha biblionumber 49378
Koha biblioitemnumber 49378
Наличности
Код за отписване Код за изгубен артикул Източник на класификационната схема Код за повреда Коз за рестрикции Код за отдаване Артикулен № Име на библиотеката - собственик Име на библиотеката, в която се намира в момента Статус (Текущо местоположение) Дата на вписване в системата Местоположение - отдел Цена в лева Инвентарен номер Систематично азбучна сигнатура Баркод Номер на екземпляра Цена в евро Служебна бележка Служебен тип на артикула
  Не е изгубен Universal Decimal Classification Не е повреден само за читалня ползва се в читалня 77325 Регионална библиотека "Любен Каравелов" Русе Регионална библиотека "Любен Каравелов" Русе Читалня 5 - справочен фонд 2002-01-01 Читалня 5 - справочен фонд 20.00 120000905190 C5 803.0/B 45 D 120000905190 1 10.23 Дост: Da Дата: 01.01.1982 Книги
Vip Innovations Ltd, Rousse, Bulgaria 2025